| 000 | 00791nam a2200217 a 4500 | ||
|---|---|---|---|
| 008 | 951121s1989||||[C 0 slo c | ||
| 020 |
_c17 Kčs. _q(18000 výtl.) |
||
| 040 |
_aSNK _bslo _cSNK _eAACR2 |
||
| 041 | 1 |
_aslo _hrus |
|
| 044 |
_axo _cSK |
||
| 080 | _a141.82(081) | ||
| 100 | 1 |
_aLenin, Vladimir Iľjič _4aut |
|
| 245 | 1 | 0 |
_aZobrané spisy. /Zv./ 48 _bListy. November 1910-júl 1914 _cVladimir Iľjič Lenin ; Peter Ďurčo, Oto Takáč |
| 250 | _a2., slov. vyd. | ||
| 260 |
_aBratislava _bPravda _c1989 _eBratislava _fPravda |
||
| 300 |
_a643 s., 29,58 AH _c22 cm |
||
| 500 | _aLit. 362. Zozn. Pozn. Biogr. údaje. Reg. men. a lit. prác a prameňov. Faksim. rkp. 362 zázn. v slov., češ. a ruš. | ||
| 700 | 1 |
_aĎurčo, Peter _4trl |
|
| 700 | 1 |
_aTakáč, Oto _4bkd |
|
| 958 | _aA | ||
| 999 |
_c15463 _d15463 |
||